| 000 | 00923nam a2200265 a 4500 | ||
|---|---|---|---|
| 001 | 000081269 | ||
| 005 | 20200120224456.0 | ||
| 008 | 161116s2015 ck ||||gr|||| 000 ||spa d | ||
| 020 | _a9789588686189 | ||
| 041 | 0 | _a/+spa | |
| 043 | _as-ck--- | ||
| 082 | 0 | 4 |
_a648.5 _bS68l _221 |
| 100 | 1 | _aSousa Combe, Lourdes | |
| 245 | 1 | 0 |
_aLimpieza verde : _bproductos amigables con el ambiente, consejos prácticos y económicos / _cLourdes Sousa Combe. |
| 250 | _a1a. ed. | ||
| 260 |
_aBogotá : _bEditorial Trillas, _c2015. |
||
| 300 |
_a101 páginas : _bilustraciones. |
||
| 500 | _aIncluye índicey conclusiones | ||
| 650 | 1 | 7 |
_aLimpieza _2LEMB |
| 650 | 2 | 7 |
_aLimpieza _xEquipo y accesorios _2LEMB |
| 650 | 2 | 7 |
_aLimpieza industrial _2LEMB |
| 650 | 2 | 7 |
_aLimpieza industrial _xAspectos ambientales _2LEMB |
| 650 | 2 | 7 |
_aAprovechamiento de basuras _xAspectos ambientales _2LEMB |
| 650 | 2 | 7 |
_aProductos de aseo _xAspectos ambientales _2LEMB |
| 999 |
_c9682 _d9682 |
||